| 000 | 01284cam a2200349 i 4500 | ||
|---|---|---|---|
| 001 | 18211551 | ||
| 005 | 20260415141022.0 | ||
| 008 | 140703t20152015caua b 001 0 eng | ||
| 010 | _a 2014026473 | ||
| 020 | _a9781118407936 | ||
| 020 | _a1118407938 | ||
| 035 | _a18211551 | ||
| 040 |
_aDLC _beng _cDLC _erda _dDLC |
||
| 042 | _apcc | ||
| 043 | _an-us--- | ||
| 050 | 0 | 0 |
_aRA395.A3 _bH43 2015 |
| 082 | 0 | 0 |
_a368.38/2 _223 |
| 100 | 1 |
_aHealey, Bernard J., _d1947- |
|
| 245 | 1 | 0 |
_aIntroduction to health care services : _bfoundations and challenges / |
| 250 | _aFirst edition. | ||
| 260 |
_aSan Francisco: _bJossey-Bass, _c2015. |
||
| 300 |
_axxvii, 445 pages : _bcolor illustrations ; _c24 cm |
||
| 504 | _aIncludes bibliographical references and index. | ||
| 650 | 0 |
_aMedical care _zUnited States. |
|
| 650 | 0 |
_aHealth care reform _zUnited States. |
|
| 650 | 0 |
_aPublic health administration _zUnited States. |
|
| 650 | 0 |
_aMedical economics _zUnited States. |
|
| 700 | 1 |
_aEvans, Tina Marie, _d1976- |
|
| 776 | 0 | 8 |
_iOnline version: _aHealey, Bernard J., 1947- _tIntroduction to health care services _dSan Francisco, CA : Jossey-Bass & Pfeiffer Imprints, Wiley, [2015] _z9781118450154 _w(DLC) 2014026703 |
| 906 |
_a7 _bcbc _corignew _d1 _eecip _f20 _gy-gencatlg |
||
| 942 |
_2lcc _cBK |
||
| 999 |
_c60358 _d60358 |
||